banner koha

Indicacao das principais pragas dos coqueirais de Alagoas [Cocos nucifera; Broca; Inseto; Acaro; Brasil] (Registro n. 272350)

MARC details
000 -LÍDER
campo de controle de tamanho fixo 00994nac a22002777a 4500
001 - NÚMERO DE CONTROLE
campo de controle BR8102843
003 - IDENTIFICADOR DO NÚMERO DE CONTROLE
campo de controle BR-BrBNA
005 - DATA E HORÁRIO DA ÚLTIMA TRANSAÇÃO
campo de controle 20240105114956.0
008 - CAMPO DE DADOS FIXOS--INFORMAÇÃO GERAL
campo de controle de tamanho fixo 230509b bl.|||m| |||| 00| 0 por d
040 ## - FONTE DA CATALOGAÇÃO
Instituição da catalogação original BR-BrBNA
Idioma da catalogação por
Instituição que transcreveu o registro Biblioteca Nacional de Agricultura
072 ## - CÓDIGO DE CATEGORIA DE ASSUNTO
Código de Categoria de Assunto H10
090 ## - NÚMERO DE CHAMADA LOCAL
Número de chamada 0311 BR8102843
110 1# - ENTRADA PRINCIPAL--NOME CORPORATIVO
Nome corporativo ou nome da jurisdição Delegacia Federal de Agricultura em Alagoas, Maceio (Brasil)
9 (RLIN) 3076
245 1# - TÍTULO
Título Indicacao das principais pragas dos coqueirais de Alagoas [Cocos nucifera; Broca; Inseto; Acaro; Brasil]
246 1# - FORMA VARIANTE DO TÍTULO
Título/título abreviado [Indication of the main pests of coconut plantations in Alagoas [Cocos nucifera; Borer; Insect; Aphid; Brazil]]
260 3# - PUBLICAÇÃO, DISTRIBUIÇÃO, ETC.
Local de publicação, distribuição, etc. Maceio, AL (Brasil):
Data da publicação, distribuição, etc. 1981.
300 ## - DESCRIÇÃO FÍSICA
Extensão 18 p.
490 ## - TÍTULO DA SÉRIE
Título da série Informe SERDV - Delegacia Federal de Agricultura em Alagoas (Brazil)
Número do volume ou designação sequencial da série no. 1
ISSN - International Standard Serial Number
650 ## - ASSUNTO--TERMO TÓPICO
Cabeçalho tópico ou nome geográfico Praga de planta
650 ## - ASSUNTO--TERMO TÓPICO
Cabeçalho tópico ou nome geográfico Coco
650 ## - ASSUNTO--TERMO TÓPICO
Cabeçalho tópico ou nome geográfico Inseto
650 ## - ASSUNTO--TERMO TÓPICO
Cabeçalho tópico ou nome geográfico Acaro
650 ## - ASSUNTO--TERMO TÓPICO
Cabeçalho tópico ou nome geográfico Alagoas
909 ## -
-- 202312
-- Lúcia Elande
-- 55
-- Lúcia Elande
942 ## - ELEMENTOS DE ENTRADA ADICIONADOS (KOHA)
Fonte da classificação ou esquema de arquivamento na estante Classificação AGRIS
Ocultar no OPAC Não
Tipo de material Koha Monografia Seriada
Exemplares
Situação do descarte Fonte da classificação ou esquema de arquivamento na estante Situação física Não pode ser emprestado Coleção Biblioteca de origem Biblioteca atual Localização na estante Total de empréstimos Número de telefone completo Código de barras Data de último acesso Tipo de material Koha Fonte de aquisição
  Classificação AGRIS       Biblioteca Nacional de Agricultura - Binagri Biblioteca Nacional de Agricultura - Binagri Agrobase - Acervo Geral   0311 BR8102843 0311 BR8102843 18/12/2023 Monografia Seriada Portaria Interministerial nº 164/94

BINAGRI

Telefone: (61)3218-2567/2388/3357/2097 - binagri@agro.gov.br

Ministério da Agricultura e Pecuária , Esplanada dos Ministérios, Bloco D, Anexo B, Brasília/DF, CEP: 70.043-900